[Event "12th A.Margaryan Memorial 2022"]
[Site "Yerevan"]
[Date "2022.01.10"]
[Round "2.5"]
[White "Davtyan, Artur"]
[Black "Lobanov, Sergei"]
[Result "0-1"]
[WhiteElo "2454"]
[BlackElo "2512"]
[Annotator "TA"]
[PlyCount "75"]
[EventDate "2022.01.09"]
[EventType "tourn"]
[EventCountry "ARM"]
[SourceTitle "playchess.com"]
[Source "ChessBase"]
[SourceQuality "1"]

{[%evp 18,75,37,31,18,0,12,6,28,27,28,0,30,37,27,0,0,-58,-35,-40,-46,-45,-35,-38,-41,-53,-42,-73,-82,-104,-94,-88,-95,-101,-99,-208,-181,-391,-400,-729,-706,-637,-350,-769,-480,-473,-414,-764,-468,-916,-472,-608,-593,-1431,-1394,-29994,-29995,-29995,-29996,-29996]} 1. d4 Nf6 2. c4 e6 3. Nf3 d5 4. Nc3 Bb4 5. cxd5 exd5 6. Bg5 h6 7. Bh4 g5 8. Bg3 Ne4 9. Nd2 Nxg3 {9...Nxc3 is not played anymore.} 10. hxg3 c6 {D38: Queen's Gambit Declined: Ragozin Defence (4 Nf3 Bb4).} 11. e3 Nd7 {[%cal Bb8d7,Bd7f6,Bf6g4][%mdl 32]} 12. Bd3 Nf6 {The position is equal.} 13. Qc2 Kf8 {[#]} 14. Nf3 $146 {[%cal Of3g5]} ({Predecessor:} 14. a3 Ba5 15. Nb3 Bc7 16. O-O-O Kg7 17. Kb1 Re8 18. Rc1 a5 19. Ka1 Bd6 20. Bf5 {1-0 (41) Melkumyan,H (2660)-Naiditsch,A (2721) Batumi 2018}) 14... Ng4 15. a3 Ba5 16. Kf1 Kg7 17. e4 (17. b4 $11 Bc7 18. Kg1) 17... Bxc3 18. bxc3 dxe4 19. Bxe4 Qf6 20. Kg1 Re8 21. Re1 Re7 22. Re2 Bd7 {Black continues to play with concentration.} 23. Nd2 Rae8 {[%cal Oc6c5] ...c5! is the strong threat.} 24. f3 {[#]} Bf5 {[%cal Of6g6]} 25. Qb1 Bxe4 {Black is more active.} 26. fxe4 (26. Rxe4 $17 {was called for.} Rxe4 27. Nxe4) 26... Qg6 $19 {[%cal Oc6c5]} 27. Qe1 $2 (27. Qd3 {keeps fighting.}) 27... c5 28. e5 (28. Qb1 $142 Qa6 29. Re1) 28... cxd4 29. cxd4 Qb6 {[%csl LRd4,LRe5] aiming for ...Rxe5.} 30. Kf1 $2 (30. Nf3 Nxe5 31. Nxe5 Rxe5 32. Rxe5 Qxd4+ 33. Qf2 Qxf2+ 34. Kxf2 Rxe5 35. Rb1) 30... Qxd4 {[%cal Re7e5]} 31. Nf3 Qc4 32. Qd2 (32. Qb4 $142 Rc7 33. Qxc4 Rxc4 34. Re1) 32... Nxe5 33. Nd4 (33. Qd4 $142) 33... Kg8 {Hoping for ...Ng4.} 34. Nf5 {[#]} Re6 {[%cal Be7e6,Be6f6,Bf6f5][%mdl 32]} ({Don't do} 34... Ng4 35. Nxh6+ (35. Nxe7+ Rxe7 36. Qd8+ Kg7 $11) 35... Kf8 {[#]} 36. Nf5 $1 $18 {[%mdl 512]}) 35. Qb2 Rf6 {( -> ...Ng4)} 36. Qb1 Ng4 37. Qc2 {[#]} Rxf5+ $1 38. Ke1 {Weighted Error Value: White=1.38/Black=0.44} 0-1

[Event "12th A.Margaryan Memorial 2022"]
[Site "Yerevan"]
[Date "2022.01.12"]
[Round "3.1"]
[White "Lobanov, Sergei"]
[Black "Makarian, Rudik"]
[Result "1/2-1/2"]
[WhiteElo "2512"]
[BlackElo "2509"]
[Annotator "TA"]
[PlyCount "60"]
[EventDate "2022.01.09"]
[EventType "tourn"]
[EventCountry "ARM"]
[SourceTitle "playchess.com"]
[Source "ChessBase"]
[SourceQuality "1"]

{[%evp 17,60,6,10,0,21,0,2,0,13,-11,-4,-24,-11,-40,-10,-48,-54,-52,-35,-63,0,-29,-6,0,0,-8,-19,-20,-20,-24,-18,-25,-25,-30,-20,-23,0,0,0,0,0,0,0,0,0]} 1. e4 c5 2. Nf3 d6 3. d4 cxd4 4. Nxd4 Nf6 5. Nc3 a6 6. Be2 e5 7. Nb3 Be7 8. O-O O-O 9. Qd3 Be6 10. Bd2 {B92: Sicilian Najdorf: 6 Be2.} a5 11. a4 Na6 {[#] ...Nb4 is the strong threat.} 12. Nd5 {[#] Inhibits Nb4.} b6 $146 ({Predecessor:} 12... Bxd5 13. exd5 b6 14. Rfd1 Nc7 15. Bf3 Nd7 16. Bg4 Nf6 17. Bf3 Nd7 18. Bg4 Nf6 19. Bf3 {½-½ (19) Nepomniachtchi,I (2749)-Grischuk,A (2742) Sharjah 2017}) 13. Nxf6+ Bxf6 14. Rfd1 Qc7 15. Bc3 Rfd8 16. Qe3 Nb4 17. Bxb4 axb4 18. Bd3 Qc6 19. Nd2 h6 20. Qe2 Bg5 (20... Rxa4 $2 21. Bb5 Bc4 22. Bxc4 $18 (22. Rxa4 $2 {is the wrong capture.} Bxb5 23. c4 bxc3 $19)) 21. Bc4 Bxd2 (21... Rxa4 $2 22. Bb5 Bc4 23. Qxc4 $18) 22. Bxe6 fxe6 23. Rxd2 Rxa4 24. Rxa4 Qxa4 $11 {[%mdl 4096] Endgame KQR-KQR} 25. h4 Qa1+ 26. Kh2 $1 Qc1 27. Qe3 {[%cal Od2d6] [#] Threatens to win with Rxd6! The position is equal.} Kh7 28. b3 Rd7 29. h5 Rd8 30. Qe2 Rd7 {Weighted Error Value: White=0.07 (flawless) /Black=0.11 (very precise)} 1/2-1/2

[Event "12th A.Margaryan Memorial 2022"]
[Site "Yerevan"]
[Date "2022.01.12"]
[Round "3.2"]
[White "Danielyan, Vahe"]
[Black "Davtyan, Artur"]
[Result "0-1"]
[WhiteElo "2332"]
[BlackElo "2454"]
[Annotator "TA"]
[PlyCount "110"]
[EventDate "2022.01.09"]
[EventType "tourn"]
[EventCountry "ARM"]
[SourceTitle "playchess.com"]
[Source "ChessBase"]
[SourceQuality "1"]

{[%evp 10,110,38,0,26,19,14,12,16,12,24,0,22,0,13,9,2,5,8,7,4,2,10,9,17,3,11,15,12,3,10,9,23,-10,2,0,43,42,37,37,43,-42,-36,-36,-33,-37,-33,-117,-115,-120,-68,-64,0,0,0,-35,0,0,0,0,0,-517,-526,-478,-430,-430,-426,-387,-351,-404,-445,-461,-461,-457,-407,-643,-642,-813,-739,-29954,-11771,-29957,-29959,-29960,-29941,-29976,-29977,-29975,-924,-29978,-29979,-29979,-29980,-29982,-29982,-29982,-29983,-29986,-29987,-29989,-29990,-29990,-29991]} 1. e4 e5 2. Nf3 Nc6 3. Bb5 a6 4. Ba4 Nf6 5. O-O d6 6. Nc3 Bd7 {C79: Ruy Lopez: Steinitz-type lines with 3...a6 4 Ba4 Nf6 5 0-0 d6.} (6... b5 $5 {[%cal Rb5a4]} 7. Bb3 Be7 $11) 7. a3 Be7 8. d3 O-O {The position is equal.} 9. h3 Be6 10. Ng5 {[#]} Bc8 $146 ({Predecessor:} 10... d5 11. exd5 Nxd5 12. Nxe6 fxe6 13. Qg4 Rf6 14. Nxd5 exd5 15. Bxc6 bxc6 16. Bg5 Rg6 17. Bxe7 Qxe7 {0-1 (31) Le,H-Hoang Ng Quang,N Dong Thap 2000}) 11. Bb3 (11. Bxc6 $5 bxc6 12. f4 $11) 11... Nd4 12. Ba2 h6 13. Nf3 Nxf3+ 14. Qxf3 Be6 15. Ne2 Qd7 16. Ng3 Rad8 17. b4 c6 18. Bb2 Nh7 19. c4 Rfe8 20. Rad1 b5 21. Qe2 Bh4 22. Nh5 Nf6 (22... g6 $11 {should be considered.} 23. Ng3 Qc7) 23. f4 $14 Qe7 24. f5 Bc8 25. c5 (25. Bc1 $14) 25... dxc5 $15 26. g3 Nxh5 27. Qxh5 Bf6 (27... Bxg3 $2 28. f6 Qa7 29. Bd4 $1 $18) 28. g4 (28. h4 $15) 28... c4 $17 29. dxc4 Rxd1 (29... c5 $1 $17 {...Bb7 is the strong threat.} 30. h4 cxb4) 30. Rxd1 $15 Rd8 (30... c5 $15 31. h4 Rf8) 31. Rxd8+ $11 Qxd8 32. g5 {[#]} Qd2 $1 33. cxb5 Qe1+ 34. Kg2 Qxe4+ 35. Qf3 $2 {[%mdl 8192] White is on the road to losing.} (35. Kg1 $11 Qe1+ 36. Kh2 (36. Kg2 Qd2+ 37. Kh1 Qe1+ 38. Kh2 Qf2+ 39. Kh1 Qe1+ 40. Kh2 Qf2+ 41. Kh1 Qe1+ $11) 36... Qf2+ 37. Kh1 Qe1+ 38. Kh2 (38. Kg2 Qd2+ 39. Kh1 Qe1+ 40. Kh2 Qf2+ 41. Kh1 Qe1+ $11) 38... Qf2+ 39. Kh1 Qe1+ 40. Kh2 (40. Kg2 Qd2+ 41. Kh1 Qe1+ $11)) 35... Qxf3+ $19 36. Kxf3 e4+ $1 37. Kxe4 Bxb2 38. bxc6 hxg5 {[%mdl 4096] Endgame} 39. a4 Bc3 $1 40. b5 axb5 41. axb5 Ba5 {aiming for ...Kf8.} 42. Ke5 (42. Bb1 $142 Kf8 43. Kd5) 42... Kf8 43. Kd6 Bxf5 44. c7 Bxh3 {( -> ...Bc8)} 45. Kc6 Ke7 46. b6 Bd7+ 47. Kb7 g4 48. Bd5 g3 (48... Kd6 $142 49. Bg2 f5 50. c8=Q Bxc8+ 51. Kxc8 Bxb6 52. Bf1 f4 53. Be2 f3 54. Bd1 Ke5 55. Kb7 {[#]} Kf4 $1 56. Bc2 g3 $1 57. Bd3 g2 $1 58. Kxb6 g1=Q+ 59. Ka5 Qc5+ 60. Bb5 f2 61. Ka4 Ke3 62. Ba6 Qa7 63. Kb3 Qxa6 64. Kc2 Qc4+ 65. Kb2 f1=Q 66. Ka3 Qfc1#) 49. Ka6 {[#]} Bxb6 $1 {Black mates.} 50. Kxb6 {KB-KB} Kd6 51. Bc6 Bc8 52. Bb7 {[#]} g5 $1 53. Bxc8 (53. Be4 f5) 53... g2 54. Bf5 g1=Q+ 55. Kb7 Qg2+ {Weighted Error Value: White=0.84/Black=0.21 (precise)} 0-1

[Event "12th A.Margaryan Memorial 2022"]
[Site "Yerevan"]
[Date "2022.01.12"]
[Round "3.3"]
[White "Hayrapetyan, Hovik"]
[Black "Barseghyan, Armen Ar."]
[Result "1/2-1/2"]
[WhiteElo "2499"]
[BlackElo "2358"]
[Annotator "TA"]
[PlyCount "83"]
[EventDate "2022.01.09"]
[EventType "tourn"]
[EventCountry "ARM"]
[SourceTitle "playchess.com"]
[Source "ChessBase"]
[SourceQuality "1"]

{[%evp 26,83,0,16,8,0,0,0,0,0,0,0,0,0,0,0,0,0,0,0,0,-4,0,0,16,20,25,16,30,30,30,32,45,59,59,62,58,53,64,53,143,104,129,58,133,0,127,0,0,0,0,0,0,0,0,0,0,0,0,0]} 1. d4 Nf6 2. c4 e6 3. Nc3 d5 4. Nf3 c5 5. cxd5 Nxd5 6. e4 Nxc3 7. bxc3 cxd4 8. cxd4 Bb4+ 9. Bd2 Bxd2+ 10. Qxd2 O-O 11. Bc4 Nd7 12. O-O b6 13. Rad1 Bb7 14. Rfe1 Rc8 {D41: Queen's Gambit Declined: Semi-Tarrasch with 5 cxd5.} 15. Bb3 Re8 16. h4 h6 17. Qf4 Qc7 18. Qxc7 Rxc7 19. d5 exd5 20. exd5 Rcc8 21. Rxe8+ Rxe8 22. Ba4 Rd8 23. Bc6 Nc5 {[#] Threatens to win with ...Bxc6.} 24. Nd4 Bxc6 25. Nxc6 $11 {[%mdl 4096] Endgame KRN-KRN} Rd7 26. f3 {[#]} Kf8 $146 ({Predecessor:} 26... f6 27. Kf2 Kf7 28. Ke3 b5 29. Rd2 h5 30. Kd4 Ne6+ 31. Ke4 Nc5+ 32. Kd4 Ne6+ 33. Ke4 Nc5+ {½-½ (33) Ushenina,A (2439)-Shuvalova,P (2434) Budva 2019}) 27. Kf2 Na4 28. Rd3 {Prevents Nc3.} b5 29. Ke3 Nb6 $1 30. Ke4 f6 31. h5 Kf7 32. g4 {White is more active.} Ke8 ({Better is} 32... g5 $14) 33. f4 $16 Kf8 34. Nb8 (34. Nd4 $16) 34... Rd8 (34... Rd6 $1 $14) 35. Nc6 {[%csl LRa7,LRd8]} Rd7 {[#]} 36. g5 (36. Nd4 $1 $16) 36... hxg5 $11 {The position is equal.} 37. fxg5 fxg5 38. Nd4 Nxd5 {aiming for ...Nf6+.} 39. Ne6+ Ke7 40. Rxd5 Kxe6 41. Rxb5 Rd2 42. Rxg5 {Weighted Error Value: White=0.14 (very precise) /Black=0.08 (flawless)} 1/2-1/2

[Event "12th A.Margaryan Memorial 2022"]
[Site "Yerevan"]
[Date "2022.01.12"]
[Round "3.4"]
[White "Sturua, Zurab"]
[Black "Petrov, Nikita"]
[Result "1/2-1/2"]
[WhiteElo "2529"]
[BlackElo "2558"]
[Annotator "TA"]
[PlyCount "32"]
[EventDate "2022.01.09"]
[EventType "tourn"]
[EventCountry "ARM"]
[SourceTitle "playchess.com"]
[Source "ChessBase"]
[SourceQuality "1"]

{[%evp 17,32,13,17,-36,-41,-80,-65,-75,-11,-11,-10,-2,-8,-5,-2,-8,-4]} 1. d4 Nf6 2. c4 e6 3. Nf3 d5 4. g3 Bb4+ 5. Bd2 Be7 6. Bg2 O-O 7. O-O Nbd7 8. Qc2 c6 9. Bf4 a5 10. Nc3 {E08: Closed Catalan: Main Line: 7 Qc2.} (10. Rd1 $11) 10... dxc4 $15 11. Nd2 {[#]} Nb6 $1 {[#]} 12. e4 $146 {[%cal Be2e4,Be4e5][%mdl 32] Black is slightly better.} ({Predecessor:} 12. Rfd1 Nfd5 13. Nce4 g5 14. Be3 f5 15. Nc5 f4 16. Be4 Rf7 17. Nf3 fxe3 18. Ne5 exf2+ {1-0 (35) Krupenski,J (2390)-Smirnov,A (2405) Viljandi 2018}) 12... c5 (12... Qxd4 $17 13. Rad1 Nfd7) 13. dxc5 $11 {The position is equal.} Bxc5 14. Rad1 {[%cal Od2c4]} Bd7 15. e5 {[%csl LRb7,LRf6]} Nfd5 16. Nxc4 Nxf4 {Weighted Error Value: White=0.15 (very precise) /Black=0.16 (very precise)} 1/2-1/2

[Event "12th A.Margaryan Memorial 2022"]
[Site "Yerevan"]
[Date "2022.01.12"]
[Round "3.5"]
[White "Ohanyan, Emin"]
[Black "Alavi, Sayed Javad"]
[Result "1/2-1/2"]
[WhiteElo "2373"]
[BlackElo "2455"]
[Annotator "ChessBase"]
[PlyCount "195"]
[EventDate "2022.01.09"]
[EventType "tourn"]
[EventCountry "ARM"]
[SourceTitle "playchess.com"]
[Source "ChessBase"]
[SourceQuality "1"]
[TimeControl "40/5400+30:1800+30"]

1. d4 {[%emt 0:00:42]} Nf6 {[%emt 0:03:07]} 2. c4 {[%emt 0:00:05]} e6 {[%emt 0:00:04]} 3. Nf3 {[%emt 0:00:05]} d5 {[%emt 0:01:11]} 4. Nc3 {[%emt 0:00:09]} a6 {[%emt 0:05:25]} 5. cxd5 {[%emt 0:00:50]} exd5 {[%emt 0:00:05]} 6. Bg5 {[%emt 0:00:21]} Be7 {[%emt 0:02:33]} 7. e3 {[%emt 0:04:10]} O-O {[%emt 0:06:30]} 8. Bd3 {[%emt 0:02:50]} Be6 {[%emt 0:00:51]} 9. Ne5 {[%emt 0:14:37]} Nfd7 {[%emt 0:53:58]} 10. Qh5 {[%emt 0:13:09]} f5 {[%emt 0:01:14]} 11. Bxe7 {[%emt 0:09:12]} Qxe7 {[%emt 0:00:02]} 12. Nxd7 {[%emt 0:02:59]} Nxd7 {[%emt 0:00:14]} 13. O-O {[%emt 0:01:07]} Rae8 {[%emt 0:01:57]} 14. a3 {[%emt 0:07:23]} Nf6 {[%emt 0:02:37]} 15. Qh4 {[%emt 0:08:03]} c6 {[%emt 0:02:34]} 16. b4 {[%emt 0:01:31]} Bc8 {[%emt 0:02:16]} 17. Rab1 {[%emt 0:03:40]} Qe6 {[%emt 0:03:26]} 18. a4 {[%emt 0:07:40]} Ne4 {[%emt 0:00:05]} 19. Bxe4 {[%emt 0:01:11]} fxe4 {[%emt 0:00:20]} 20. Ne2 {[%emt 0:00:21]} b5 {[%emt 0:02:26]} 21. axb5 {[%emt 0:01:36]} axb5 {[%emt 0:00:01]} 22. Ra1 {[%emt 0:01:44]} Rf7 {[%emt 0:03:16]} 23. Qg3 {[%emt 0:06:56]} Qe7 {[%emt 0:00:02]} 24. Rfb1 {[%emt 0:03:28]} Ref8 {[%emt 0:02:48]} 25. Nf4 {[%emt 0:03:02]} Bd7 {[%emt 0:02:35]} 26. h4 {[%emt 0:01:24]} Qd6 {[%emt 0:00:20]} 27. Ra7 {[%emt 0:01:22]} Qb8 {[%emt 0:00:41]} 28. Rba1 {[%emt 0:00:54]} Qd6 {[%emt 0:00:02]} 29. Rb1 {[%emt 0:02:25]} Qb8 {[%emt 0:00:01]} 30. Ra6 {[%emt 0:01:12]} Qd6 {[%emt 0:00:23]} 31. h5 {[%emt 0:00:49]} Bc8 {[%emt 0:01:06]} 32. Ra8 {[%emt 0:00:24]} Bd7 {[%emt 0:00:35]} 33. Ra7 {[%emt 0:00:45]} Qb8 {[%emt 0:00:46]} 34. Rba1 {[%emt 0:00:21]} Qd6 {[%emt 0:00:07]} 35. Rb1 {[%emt 0:00:44]} Qb8 {[%emt 0:00:47]} 36. Ra6 {[%emt 0:00:46]} Qd6 {[%emt 0:00:08]} 37. Qh4 {[%emt 0:00:30]} Bc8 {[%emt 0:02:12]} 38. Ra8 {[%emt 0:00:04]} Bf5 {[%emt 0:00:28]} 39. Ra6 {[%emt 0:01:25]} Bc8 {[%emt 0:00:27]} 40. Ra8 {[%emt 0:00:00]} Bf5 {[%emt 0:00:00]} 41. Rba1 {[%emt 0:24:13]} Rxa8 {[%emt 0:25:05]} 42. Rxa8+ {[%emt 0:00:05]} Rf8 {[%emt 0:00:04]} 43. Ra7 {[%emt 0:03:09]} Rf7 {[%emt 0:00:33]} 44. Ra6 {[%emt 0:01:25]} Bc8 {[%emt 0:04:21]} 45. Ra8 {[%emt 0:00:22]} Rf8 {[%emt 0:00:01]} 46. h6 {[%emt 0:02:02]} Qxh6 {[%emt 0:00:49]} 47. Qxh6 {[%emt 0:01:30]} gxh6 {[%emt 0:00:01]} 48. Kh2 {[%emt 0:00:24]} Bd7 {[%emt 0:01:39]} 49. Ra7 {[%emt 0:00:28]} Bf5 {[%emt 0:01:17]} 50. Kg3 {[%emt 0:00:32]} Rf6 {[%emt 0:00:47]} 51. Kh4 {[%emt 0:01:21]} Bg6 {[%emt 0:00:15]} 52. Rc7 {[%emt 0:00:21]} Kf8 {[%emt 0:00:31]} 53. g4 {[%emt 0:00:39]} Kg8 {[%emt 0:00:45]} 54. Rc8+ {[%emt 0:00:30]} Kf7 {[%emt 0:00:55]} 55. Rc7+ {[%emt 0:00:28]} Kg8 {[%emt 0:00:15]} 56. Ra7 {[%emt 0:00:30]} Kf8 {[%emt 0:01:36]} 57. Kg3 {[%emt 0:00:32]} Kg8 {[%emt 0:00:12]} 58. Kh3 {[%emt 0:00:17]} Bf7 {[%emt 0:00:41]} 59. Ra6 {[%emt 0:00:39]} Kg7 {[%emt 0:00:13]} 60. Kh4 {[%emt 0:00:13]} Bg6 {[%emt 0:00:21]} 61. Ra8 {[%emt 0:00:09]} Rd6 {[%emt 0:01:37]} 62. Rc8 {[%emt 0:00:39]} Rf6 {[%emt 0:00:26]} 63. Kg3 {[%emt 0:00:50]} Kf7 {[%emt 0:00:34]} 64. Rc7+ {[%emt 0:00:10]} Kf8 {[%emt 0:00:22]} 65. Kg2 {[%emt 0:01:04]} Bf7 {[%emt 0:00:40]} 66. Kh3 {[%emt 0:00:29]} Bg6 {[%emt 0:00:16]} 67. Kh4 {[%emt 0:00:05]} Rd6 {[%emt 0:00:26]} 68. g5 {[%emt 0:00:02]} hxg5+ {[%emt 0:00:35]} 69. Kxg5 {[%emt 0:00:06]} Bf7 {[%emt 0:01:15]} 70. Kf5 {[%emt 0:00:57]} Rh6 {[%emt 0:00:05]} 71. Rd7 {[%emt 0:01:20]} Be8 {[%emt 0:01:09]} 72. Rc7 {[%emt 0:00:30]} Bf7 {[%emt 0:00:03]} 73. Ke5 {[%emt 0:00:08]} Ke8 {[%emt 0:00:33]} 74. Ra7 {[%emt 0:00:32]} Kf8 {[%emt 0:00:11]} 75. Rd7 {[%emt 0:00:12]} Be8 {[%emt 0:00:47]} 76. Ra7 {[%emt 0:00:46]} Bf7 {[%emt 0:00:07]} 77. Kf5 {[%emt 0:00:41]} Rd6 {[%emt 0:01:13]} 78. Kg5 {[%emt 0:00:13]} Kg8 {[%emt 0:00:15]} 79. Ra1 {[%emt 0:00:07]} Kg7 {[%emt 0:00:21]} 80. Rh1 {[%emt 0:00:35]} Bg6 {[%emt 0:00:50]} 81. Rh6 {[%emt 0:00:51]} Kf7 {[%emt 0:00:14]} 82. Rh1 {[%emt 0:00:55]} Rf6 {[%emt 0:00:46]} 83. Ra1 {[%emt 0:00:21]} Rd6 {[%emt 0:00:37]} 84. Ra7+ {[%emt 0:00:16]} Kf8 {[%emt 0:00:03]} 85. Ng2 {[%emt 0:00:50]} Re6 {[%emt 0:00:47]} 86. Rc7 {[%emt 0:00:17]} Rd6 {[%emt 0:00:22]} 87. Nh4 {[%emt 0:00:31]} Re6 {[%emt 0:00:01]} 88. Ra7 {[%emt 0:00:21]} Rd6 {[%emt 0:00:28]} 89. Rb7 {[%emt 0:00:10]} Re6 {[%emt 0:00:10]} 90. Rc7 {[%emt 0:00:01]} Rd6 {[%emt 0:00:21]} 91. f4 {[%emt 0:00:47]} exf3 {[%emt 0:00:21]} 92. Nxf3 {[%emt 0:00:03]} h6+ {[%emt 0:00:29]} 93. Kg4 {[%emt 0:00:31]} Rf6 {[%emt 0:00:52]} 94. Ne5 {[%emt 0:00:08]} Be8 {[%emt 0:00:02]} 95. Rh7 {[%emt 0:00:54]} Kg8 {[%emt 0:00:17]} 96. Re7 {[%emt 0:00:06]} Kf8 {[%emt 0:00:10]} 97. Rh7 {[%emt 0:00:08]} Kg8 {[%emt 0:00:05]} 98. Re7 {[%emt 0:00:03]} 1/2-1/2

[Event "12th A.Margaryan Memorial 2022"]
[Site "Yerevan"]
[Date "2022.01.14"]
[Round "4.1"]
[White "Makarian, Rudik"]
[Black "Alavi, Sayed Javad"]
[Result "0-1"]
[WhiteElo "2509"]
[BlackElo "2455"]
[Annotator "TA"]
[PlyCount "80"]
[EventDate "2022.01.09"]
[EventType "tourn"]
[EventCountry "ARM"]
[SourceTitle "playchess.com"]
[Source "ChessBase"]
[SourceQuality "1"]

{[%evp 18,80,0,0,0,0,0,0,0,0,0,0,0,0,0,-12,-12,-13,-15,-39,-30,-12,0,-83,-45,-49,-37,-138,-132,-131,-135,-289,-268,-267,-267,-267,-270,-283,-287,-604,-595,-719,-694,-802,-781,-791,-775,-777,-702,-961,-955,-817,-691,-775,-736,-29979,-891,-29980,-756,-1388,-1268,-2151,-2104,-2087,-1999]} 1. d4 Nf6 2. c4 e6 3. Nf3 d5 4. g3 Bb4+ 5. Bd2 Be7 6. Bg2 O-O 7. O-O c6 8. Bf4 Nbd7 $1 {The main line 8...Nbd7 scores better than 8...b6.} 9. Nc3 dxc4 {9...Nh5 is vanishing.} 10. e4 Bb4 {E07: Closed Catalan: Main Line (5 Nf3 0-0 6 0-0 Nbd7).} 11. Qc2 b5 {[#]} 12. Ng5 $146 ({Predecessor:} 12. a4 Bb7 13. e5 Nd5 14. Ng5 g6 15. axb5 Bxc3 16. Bxd5 cxd5 17. bxc3 Qb6 18. Nf3 Qxb5 19. Bh6 {½-½ (51) Mahjoob,M (2498)-Negi,P (2592) Subic Bay 2009}) 12... h6 {The position is equal.} 13. e5 $1 hxg5 14. Bxg5 {[%mdl 64] Pin} Bb7 {[%cal Oa7a6]} 15. exf6 Nxf6 16. Ne4 (16. Nxb5 $5 cxb5 17. Bxb7 $11) 16... Be7 17. Nc5 Qc7 18. a4 a6 19. Rfe1 Rfd8 20. Bh3 (20. Bf4 $11 {keeps the balance.} Qc8 21. Red1) 20... Bxc5 ({Much weaker is} 20... Rxd4 $6 21. Nxe6 fxe6 22. Bxf6 Bxf6 23. Bxe6+ Kf8 24. Qh7 $11) (20... Bc8 {seems wilder.} 21. Rad1 Rd5 22. Bf4 Qd8 23. Be5 Bxc5 24. dxc5 Ne4) 21. dxc5 Qe7 22. Bg2 {Inhibits Rd5.} ({White should try} 22. Qe4 $15) 22... Qxc5 $17 23. Bxf6 gxf6 24. Rxe6 $2 {White does not recover from this.} (24. Qc3 $17) 24... fxe6 $19 25. Qg6+ Kf8 {[%cal Bg8f8,Bf8e8,Be8d7][%mdl 32]} 26. Qxf6+ {[#]} Ke8 $1 27. Qxe6+ Qe7 28. Qg4 (28. Bxc6+ Bxc6 29. Qxc6+ Kf7 30. axb5) 28... Rd6 29. axb5 axb5 30. Qg8+ Qf8 31. Re1+ Kd7 32. Qh7+ Kc8 33. Re7 Ra1+ 34. Bf1 {[#]} Qd8 $1 35. Rxb7 (35. Qe4 Qa5) 35... Rdd1 36. Rg7 Rxf1+ 37. Kg2 {[#]} Rfe1 ({Weaker is} 37... Kb8 38. Rg8 Rg1+ 39. Kf3 $16) (37... Rxf2+ $142 $3 {[%mdl 512]} 38. Kh3 Rh1 39. Kg4 Rhxh2 40. Qg8 Qxg8 41. Rxg8+ Kc7 42. Rg5 Rxb2 43. Rf5 c3 44. Re5 c2 45. Re7+ Kb6 46. Re1 Rb4+ 47. Kf5 Rb1 48. Re8 c1=Q 49. g4 Qh6 50. Rb8+ Kc5 51. Rxb5+ Rxb5 52. g5 Kd4+ 53. Kg4 Qxg5+ 54. Kf3 Rf5#) 38. Qg6 {Black is clearly winning.} Qd5+ 39. f3 Re2+ 40. Kh3 Qe6+ {Weighted Error Value: White=0.59/Black=0.04 (flawless)} 0-1